00428pab a2200157 454500008004000000100002100040245005100061260000900112300000800121362001000129650001400139773001400153909001000167999001700177952007600194180718b1998 xxu||||| |||| 00| 0 eng d aSingh, Satyindra aGovernor's role: is he an agent of the centre? c1998 ap.8 a6 Apr aGovernors aStatesman a38497 c38497d38497 00104070aIIPAbIIPAd2018-07-19pAR38852r2018-07-19w2018-07-19yAR